| 000 | 00811nam a2200265Ia 4500 | ||
|---|---|---|---|
| 003 | OSt | ||
| 005 | 20220925204141.0 | ||
| 006 | a|||||r|||| 00| 0 | ||
| 007 | ta | ||
| 008 | 220923b |||||||| |||| 00| 0 eng d | ||
| 020 | _a9221021130 | ||
| 037 | _cGeneral Book | ||
| 040 |
_aRTL _cRTL _beng |
||
| 041 |
_2eng _aeng |
||
| 082 | _aX.1-1.N7, L9 | ||
| 100 |
_aSheehan Glen _9267806 |
||
| 245 | 0 |
_aBasic needs performance _b An analysis of some international data |
|
| 260 |
_aGeneva _bILO _c1979 |
||
| 300 |
_a138p _ccm. |
||
| 490 | _aInternational Labour Office. World Employment Programme Study | ||
| 650 | _aEconomic Condition International | ||
| 700 |
_a Hopkins Mika _9267807 |
||
| 942 |
_hX.1-1.N7, L9 _cGB _2CC |
||
| 999 |
_c548658 _d548658 |
||